000 00804cam a2200277 i 4500
999 _c528146
_d528146
001 4097702
003 NUST
005 20190830104305.0
008 741206s1975 nyua 001 0 eng
010 _a 74031373
020 _a0070497389 :
_c$17.50
038 _aM.Ramzan
040 _aDLC
_cDLC
_dDLC
043 _an-us---
050 0 0 _aTH435
_b.P47 1975
082 0 0 _a692.5
_bPER
100 1 _aPeurifoy, R. L.
_q(Robert Leroy),
_d1902-1995.
_919723
245 1 0 _aEstimating construction costs /
_cR. L. Peurifoy.
250 _a3d ed.
260 _aNew York :
_bMcGraw-Hill,
_c[1975]
300 _axvi, 456 p. :
_bill. ;
_c25 cm.
500 _aIncludes index.
650 0 _aBuilding
_xEstimates
_zUnited States.
_918438
906 _a7
_bcbc
_corignew
_d1
_eocip
_f19
_gy-gencatlg
942 _2ddc
_cBK